00561nam a2200169 a 450000500170000000800410001702000180005805000260007610000180010224500600012026000450018030000070022544000230023252000710025565000330032665000320035920140412111410.0070214s19uu xx 00 eng d a983-187-222-3 aTR(GS 428.4bM11 2004 aMah, May S.M. aJoe and doe on a boat, series 1 book 9 /cMay S.M. Mah. aMalaysia :bRhythm publishing co,c2004. a24 aPhonics in reading aThe pre - reading practice introduces new words before the stories aPhonetics-- English language aReading -- English language